000 00281nam a2200133Ia 4500
100 _aDeprettere/F ed.
942 _cRB
654 _asvd
245 _aSVD and signal processing
260 _bNorth Holland
_c1988
082 _a621.38043
_bDEP
300 _a477
546 _aENGLISH
999 _c22416
_d22416